00720 2200241 4500001002100000005001700021008004100038035002400079040001200103082001100115090002000126100001600146245012300162250001700285260002700302300002700329504002600356650002300382700002500405700001800430850001200448990001800460YOGYA-0209000000170720090227092042.0 ind  0010-020900000001707 aYOPDYOG a345.05 aT 345.05bNga M aNGANI, Nico aMengenal hukum acara pidana dari tersangka sampai ke surat dakwaancoleh Nico Ngani, I. Nyoman Budi Jaya, Hasan Madani aed. 1 cet. 1 aYogyakartabilusc1984 aV, 65 hlmbilusc21 cm aBibliografi : hlm. 31 aHukum Acara Pidana aBudi jaya, I. Nyoman aMadani, Hasan aYOPDYOG a48114-P/94b1